000 00427nam a2200169Ia 4500
999 _c7816
_d7816
008 200103s9999||||xx |||||||||||||| ||und||
020 _a9780137758180
082 _a621.815
_bSPO
100 _aSpotts, M. F.
245 0 _aDesign of Machine Elements
250 _a7th Ed.
260 _bPrentice-Hall of India,
_c1991
_aNew Delhi
300 _axviii, 829p.
650 _aMachine design
650 _aLubrication
942 _cBK